[Event "12sen.WM-D Naumburg"]
[Site "Naumburg/Saale(20.10.-03.11.)"]
[Date "2002.11.01"]
[Round "10"]
[White "Blagonadezhnaya, Idea"]
[Black "Richter, Hildegard"]
[Result "1-0"]
[WhiteElo "2026"]
[BlackElo "1706"]
[PlyCount "56"]
[EventDate "2002.11.??"]

1. e4 c5 2. g3 d6 3. Bg2 Nc6 4. d3 g6 5. Ne2 Bg7 6. O-O Bg4 7. c3 Qd7 8. f3 Bh3
9. Be3 Bxg2 10. Kxg2 h5 11. h3 Bh6 12. Qd2 e5 13. Na3 a6 14. Nc2 f5 15. f4 Nge7
16. b4 fxe4 17. dxe4 cxb4 18. Nxb4 Nxb4 19. cxb4 Qc6 20. Nc3 Nf5 21. Nd5 Nxe3+
22. Qxe3 exf4 23. gxf4 Kf8 24. Rac1 Qa4 25. Nb6 Qxb4 26. Nxa8 Ke7 27. Nc7 Kd7
28. Nd5 Qa5 1-0

[Event "12sen.WM-D Naumburg"]
[Site "Naumburg/Saale(20.10.-03.11.)"]
[Date "2002.11.01"]
[Round "10"]
[White "Erenska_Barlo, Hanna"]
[Black "Khmiadashvili, Tamari"]
[Result "1/2-1/2"]
[WhiteElo "2183"]
[BlackElo "2330"]
[PlyCount "117"]
[EventDate "2002.11.??"]

1. e4 c6 2. d4 g6 3. Nf3 Bg7 4. Be2 d5 5. exd5 cxd5 6. O-O Nf6 7. c3 O-O 8. Bf4
Nh5 9. Bd2 Nc6 10. Na3 Nf6 11. Bd3 Ne8 12. Qc1 Bg4 13. Ne1 e5 14. h3 Be6 15.
dxe5 Nxe5 16. Bg5 f6 17. Be3 Nd6 18. Bd4 Qd7 19. Qd1 Nec4 20. Nxc4 dxc4 21. Be2
Rfd8 22. Nf3 Qc7 23. Qc1 Nf5 24. Re1 Bf7 25. Bf1 b5 26. a4 b4 27. a5 Rab8 28.
g4 Nxd4 29. Nxd4 bxc3 30. bxc3 Re8 31. Rxe8+ Rxe8 32. Qd2 Bf8 33. a6 Bc5 34.
Bg2 Qd6 35. Nf3 Rd8 36. Qxd6 Rxd6 37. Bf1 Bb6 38. Be2 Re6 39. Kf1 Rc6 40. Nd2
Kg7 41. Ra4 f5 42. gxf5 gxf5 43. Nxc4 Bc7 44. Ke1 f4 45. Kd2 Kf6 46. Kc2 Be6
47. Bd3 h5 48. h4 Bf5 49. Nd2 Be5 50. Nc4 Bc7 51. Nd2 Bxd3+ 52. Kxd3 Kf5 53. f3
Rg6 54. Ke2 Rg2+ 55. Ke1 Rh2 56. Ne4 Bb6 57. Nd6+ Ke5 58. Nc8 Be3 59. Ra5+
1/2-1/2

[Event "12sen.WM-D Naumburg"]
[Site "Naumburg/Saale(20.10.-03.11.)"]
[Date "2002.11.01"]
[Round "10"]
[White "Fatalibekova, Elena"]
[Black "Krawcewicz, Lucyna"]
[Result "1-0"]
[WhiteElo "2297"]
[BlackElo "2035"]
[PlyCount "45"]
[EventDate "2002.11.??"]

1. e4 d6 2. d4 g6 3. Nc3 Bg7 4. f4 c5 5. dxc5 Qa5 6. cxd6 Bxc3+ 7. bxc3 Qxc3+
8. Bd2 Qd4 9. Bd3 exd6 10. Ne2 Qc5 11. Bc3 f6 12. Rb1 Bg4 13. Qd2 Qc7 14. Nd4
Bd7 15. O-O a6 16. e5 dxe5 17. fxe5 fxe5 18. Nf3 Qc5+ 19. Kh1 Nf6 20. Nxe5 O-O
21. Bc4+ Kh8 22. Nxg6+ hxg6 23. Qh6# 1-0

[Event "12sen.WM-D Naumburg"]
[Site "Naumburg/Saale(20.10.-03.11.)"]
[Date "2002.11.01"]
[Round "10"]
[White "Gumilevskaja, Galina"]
[Black "Lein, Marina"]
[Result "1-0"]
[WhiteElo "2093"]
[BlackElo "1979"]
[PlyCount "63"]
[EventDate "2002.11.??"]

1. f4 g6 2. e4 Bg7 3. Nf3 d6 4. d4 c5 5. c3 cxd4 6. cxd4 Nf6 7. Nc3 O-O 8. Bd3
Nfd7 9. Be3 Nc6 10. Qd2 e5 11. fxe5 dxe5 12. d5 Nd4 13. O-O Nc5 14. Bc4 Nxf3+
15. Rxf3 b6 16. Bxc5 bxc5 17. Qf2 Bg4 18. Rg3 f5 19. d6+ Kh8 20. Qxc5 Qh4 21.
Be6 Qf6 22. exf5 gxf5 23. Bd7 h5 24. Rf1 Qd8 25. Ba4 h4 26. Rd3 e4 27. Rd5 Qg5
28. Nxe4 Qg6 29. Nc3 Bh3 30. Qf2 Qg4 31. Bd1 Qg6 32. Qxh4+ 1-0

[Event "12sen.WM-D Naumburg"]
[Site "Naumburg/Saale(20.10.-03.11.)"]
[Date "2002.11.01"]
[Round "10"]
[White "Hoose, Hannelore"]
[Black "Gudova, Tamara"]
[Result "1/2-1/2"]
[WhiteElo "1622"]
[BlackElo "2060"]
[PlyCount "57"]
[EventDate "2002.11.??"]

1. e4 e6 2. d4 d5 3. exd5 exd5 4. Bd3 Nc6 5. c3 Bd6 6. Nf3 Bg4 7. O-O Qd7 8.
Bg5 f6 9. Re1+ Nge7 10. Bh4 O-O-O 11. Bg3 Bxg3 12. hxg3 h5 13. Nbd2 h4 14. gxh4
Rxh4 15. Be2 Rh6 16. Nh2 Bxe2 17. Qxe2 Rdh8 18. Ndf1 f5 19. Rad1 Qd6 20. g3 f4
21. Rd3 Kd8 22. Ng4 Rg6 23. Ne5 Nxe5 24. Qxe5 Qxe5 25. Rxe5 Kd7 26. Rf3 Rf8 27.
Ne3 c6 28. Ng2 Kd6 29. Rxf4 1/2-1/2

[Event "12sen.WM-D Naumburg"]
[Site "Naumburg/Saale(20.10.-03.11.)"]
[Date "2002.11.01"]
[Round "10"]
[White "Komicheva, Margarita"]
[Black "Strelnikova, Elena"]
[Result "1-0"]
[WhiteElo "2186"]
[BlackElo "2175"]
[PlyCount "65"]
[EventDate "2002.11.??"]

1. e4 e6 2. d4 d5 3. Nd2 Nf6 4. e5 Nfd7 5. Bd3 c5 6. c3 Nc6 7. Ne2 Qb6 8. Nf3
Be7 9. O-O f6 10. Nf4 Nf8 11. exf6 gxf6 12. dxc5 Qxc5 13. Nd4 Ne5 14. Qh5+ Nf7
15. Bb5+ Bd7 16. Bxd7+ Nxd7 17. Nfxe6 Qc4 18. Ng7+ Kf8 19. Nde6+ Kg8 20. Nf5
Bf8 21. f4 Qe4 22. Qg4+ Ng5 23. Nxg5 fxg5 24. Qxg5+ Kf7 25. Qh5+ Kf6 26. Ng3
Bc5+ 27. Kh1 Qe6 28. Bd2 Rhg8 29. Rae1 Qg4 30. Qxd5 Bb6 31. Nh5+ Kg6 32. Re6+
Kf7 33. Qxd7+ 1-0

[Event "12sen.WM-D Naumburg"]
[Site "Naumburg/Saale(20.10.-03.11.)"]
[Date "2002.11.01"]
[Round "10"]
[White "Malinicheva, Lidiya"]
[Black "Litinskaya, Marta_I"]
[Result "0-1"]
[WhiteElo "2111"]
[BlackElo "2402"]
[PlyCount "72"]
[EventDate "2002.11.??"]

1. e4 c5 2. Nf3 Nc6 3. Bb5 e6 4. O-O Nge7 5. d4 cxd4 6. Nxd4 Qb6 7. Bxc6 bxc6
8. Be3 Qxb2 9. Nb3 Qe5 10. N1d2 Qc7 11. c4 d6 12. Rc1 Ng6 13. f4 Be7 14. c5 O-O
15. cxd6 Bxd6 16. g3 Ba6 17. Rf2 Ba3 18. Bc5 Bxc1 19. Bxf8 Bxd2 20. Bc5 Ba5 21.
Nxa5 Qxa5 22. Bd6 Rd8 23. h4 h5 24. Kh2 c5 25. e5 Bb7 26. Rb2 Bd5 27. f5 Nf8
28. f6 g6 29. Qc1 Kh7 30. Qe3 Nd7 31. Rf2 Rc8 32. Rd2 c4 33. g4 c3 34. Rc2 Qa4
35. Qe2 Qf4+ 36. Kg1 Qg3+ 0-1

[Event "12sen.WM-D Naumburg"]
[Site "Naumburg/Saale(20.10.-03.11.)"]
[Date "2002.11.01"]
[Round "10"]
[White "Shestoperova, Alexandrova"]
[Black "Janssen, Liselotte"]
[Result "1/2-1/2"]
[WhiteElo "2169"]
[BlackElo "1843"]
[PlyCount "120"]
[EventDate "2002.11.??"]

1. Nf3 d5 2. d4 e6 3. e3 Nf6 4. Bd3 Be7 5. O-O b6 6. Nbd2 Bb7 7. Ne5 O-O 8. c3
c5 9. Qe2 Nbd7 10. b3 Ne4 11. Bb2 Ndf6 12. f3 Nxd2 13. Qxd2 Bd6 14. Rfd1 Nd7
15. c4 Bxe5 16. dxe5 Qc7 17. f4 Rad8 18. Qe2 Nb8 19. Qh5 h6 20. Qg4 dxc4 21.
Bxc4 Rxd1+ 22. Rxd1 Rd8 23. Bc3 Ba6 24. Bxa6 Nxa6 25. Qe2 Nb8 26. Rd2 Rd7 27.
a4 Qd8 28. Rxd7 Qxd7 29. Qd2 Qxd2 30. Bxd2 Kf8 31. Kf1 Ke7 32. Ke2 Kd7 33. Kd3
Kc6 34. b4 cxb4 35. Bxb4 Nd7 36. Kc4 a6 37. e4 h5 38. g3 b5+ 39. axb5+ axb5+
40. Kd4 Nb6 41. h3 Nc4 42. Bf8 g6 43. Bb4 Nb2 44. g4 hxg4 45. hxg4 Kb6 46. f5
Kc6 47. fxg6 fxg6 48. Ke3 Kd7 49. Be1 Nc4+ 50. Kd4 Nb2 51. Bc3 Na4 52. Bb4 Kc6
53. Ba3 Nb6 54. Bb4 Na4 55. Ke3 Kd7 56. Kf4 Ke8 57. Bd6 Nc3 58. Ke3 Kd7 59. Kd3
Na4 60. Ba3 Kc6 1/2-1/2

[Event "12sen.WM-D Naumburg"]
[Site "Naumburg/Saale(20.10.-03.11.)"]
[Date "2002.11.01"]
[Round "10"]
[White "Shoushpanova, Nina"]
[Black "Beliaeva, Natalia"]
[Result "1/2-1/2"]
[WhiteElo "2058"]
[BlackElo "2111"]
[PlyCount "41"]
[EventDate "2002.11.??"]

1. e4 e6 2. d4 d5 3. exd5 exd5 4. Bd3 Nf6 5. Bg5 Be7 6. Nf3 Bg4 7. O-O O-O 8.
Nbd2 Nbd7 9. c3 c6 10. Qb3 Qb6 11. Rfe1 Qxb3 12. axb3 Bxf3 13. Nxf3 Rfe8 14.
Bf5 Kf8 15. Bxd7 Nxd7 16. Bxe7+ Rxe7 17. Kf1 Rxe1+ 18. Kxe1 a6 19. Kd2 Re8 20.
Re1 Rxe1 21. Nxe1 1/2-1/2

[Event "12sen.WM-D Naumburg"]
[Site "Naumburg/Saale(20.10.-03.11.)"]
[Date "2002.11.02"]
[Round "11"]
[White "Beliaeva, Natalia"]
[Black "Purevdorj, Bujinlkhoun"]
[Result "0-1"]
[WhiteElo "2111"]
[BlackElo "1998"]
[PlyCount "102"]
[EventDate "2002.11.??"]

1. d4 d5 2. Nf3 Nf6 3. c4 e6 4. Bg5 Be7 5. e3 O-O 6. Nc3 Nbd7 7. Rc1 a6 8. Bd3
h6 9. Bf4 dxc4 10. Bxc4 b5 11. Bd3 c5 12. O-O Bb7 13. Ne5 Rc8 14. Qe2 cxd4 15.
exd4 Nb6 16. Rfd1 Nbd5 17. Bd2 Nxc3 18. bxc3 Qd5 19. f3 Qxa2 20. Bb1 Qa3 21.
Qd3 Rfd8 22. Ng4 Kf8 23. Re1 Nxg4 24. fxg4 Bf6 25. Rf1 Qe7 26. Rce1 Bd5 27. Qh7
Ke8 28. Bf5 Kd7 29. g5 hxg5 30. Qh3 Rh8 31. Qg3 Qd6 32. Qxd6+ Kxd6 33. Bg4 Bc4
34. Rf2 a5 35. Ra1 a4 36. Be3 Bb3 37. Be2 Rxc3 38. Bd2 Rc2 39. Bb4+ Kc7 40. Rd1
Kb6 41. Bc5+ Ka5 42. Rb1 Rc8 43. Bd3 R2xc5 44. Rxf6 gxf6 45. dxc5 Rxc5 46. g4
Rd5 47. Be2 Kb4 48. Rf1 f5 49. gxf5 Rxf5 50. Rb1 Re5 51. Bh5 f5 0-1

[Event "12sen.WM-D Naumburg"]
[Site "Naumburg/Saale(20.10.-03.11.)"]
[Date "2002.11.02"]
[Round "11"]
[White "Gudova, Tamara"]
[Black "Shestoperova, Alexandrova"]
[Result "1/2-1/2"]
[WhiteElo "2060"]
[BlackElo "2169"]
[PlyCount "120"]
[EventDate "2002.11.??"]

1. d4 Nf6 2. c4 c5 3. e3 g6 4. Nc3 cxd4 5. exd4 Bg7 6. Nf3 O-O 7. Be2 d5 8. O-O
Nc6 9. Ne5 dxc4 10. Nxc6 bxc6 11. Bxc4 Nd5 12. h3 Nb6 13. Bb3 Qxd4 14. Qf3 Ba6
15. Rd1 Qf6 16. Qg4 Qf5 17. Qxf5 gxf5 18. Be3 Bf6 19. Rd2 Rfd8 20. Rad1 e6 21.
Bc5 Rxd2 22. Rxd2 Nd5 23. Ne2 Bg5 24. f4 Nxf4 25. Nxf4 Bxf4 26. Rd7 Be5 27. Bd1
Bc8 28. Rd8+ Kg7 29. Bh5 Bxb2 30. g4 fxg4 31. hxg4 h6 32. Bf8+ Kf6 33. Bxh6 c5
34. Rf8 Bd4+ 35. Kh2 Ke5 36. Bxf7 Kd6 37. g5 Be3 38. Kg3 Bb7 39. Rxa8 Bxa8 40.
Bf8+ Ke5 41. g6 Kf6 42. Be8 Bd5 43. g7 e5 44. Kg4 c4 45. Bc6 Bg8 46. Kf3 Bf4
47. Ke2 Kf5 48. Bc5 Bh6 49. Bxa7 Bxg7 50. Be3 Ke6 51. Kd2 Kd6 52. Be4 Bd5 53.
Bg6 e4 54. a4 Bc6 55. a5 c3+ 56. Kc1 Be5 57. a6 Kc7 58. Bf5 Kb8 59. Bg6 Kc7 60.
Bf5 Bb5 1/2-1/2

[Event "12sen.WM-D Naumburg"]
[Site "Naumburg/Saale(20.10.-03.11.)"]
[Date "2002.11.02"]
[Round "11"]
[White "Hoose, Hannelore"]
[Black "Sotter, Gerlinde"]
[Result "1/2-1/2"]
[WhiteElo "1622"]
[BlackElo "1609"]
[PlyCount "55"]
[EventDate "2002.11.??"]

1. e4 e6 2. c3 d5 3. e5 c5 4. d4 Nc6 5. f4 cxd4 6. cxd4 Bb4+ 7. Bd2 Bxd2+ 8.
Qxd2 Nge7 9. Nf3 O-O 10. Nc3 a6 11. Bd3 Bd7 12. O-O h6 13. a3 Rc8 14. Ne2 Na5
15. Qd1 Nc4 16. Bxc4 Rxc4 17. Rc1 Rxc1 18. Qxc1 Qb6 19. Nc3 Rc8 20. Qd2 Rc4 21.
Rc1 Nf5 22. Ne2 Rxc1+ 23. Nxc1 Qc7 24. Kf2 Bb5 25. Ne2 Qc4 26. g4 Ne7 27. Ng3
b6 28. Qc3 1/2-1/2

[Event "12sen.WM-D Naumburg"]
[Site "Naumburg/Saale(20.10.-03.11.)"]
[Date "2002.11.02"]
[Round "11"]
[White "Janssen, Liselotte"]
[Black "Gumilevskaja, Galina"]
[Result "0-1"]
[WhiteElo "1843"]
[BlackElo "2093"]
[PlyCount "80"]
[EventDate "2002.11.??"]

1. d4 Nf6 2. c4 e6 3. Nc3 c5 4. e3 Be7 5. Nf3 b6 6. Be2 Bb7 7. O-O O-O 8. b3 d6
9. Bb2 Nbd7 10. Qc2 Rc8 11. Rfd1 Qc7 12. Ng5 h6 13. Nge4 Ne8 14. Nb5 Qb8 15.
dxc5 bxc5 16. Qd3 d5 17. cxd5 exd5 18. Nd2 a6 19. Nc3 Nef6 20. Nf3 Rfd8 21. Qf5
g6 22. Qh3 Bf8 23. Bd3 c4 24. Bc2 Bg7 25. Ne2 Qc7 26. bxc4 dxc4 27. Nc3 Nc5 28.
Rd4 Nd3 29. Bxd3 cxd3 30. Rd1 Bxf3 31. Qxf3 Rxd4 32. exd4 Qb6 33. Ba1 Qxd4 34.
Rxd3 Qb4 35. Qd1 Qa5 36. h3 Nh5 37. Nd5 Re8 38. Bxg7 Re1+ 39. Kh2 Rxd1 40. Rxd1
Kxg7 0-1

[Event "12sen.WM-D Naumburg"]
[Site "Naumburg/Saale(20.10.-03.11.)"]
[Date "2002.11.02"]
[Round "11"]
[White "Khmiadashvili, Tamari"]
[Black "Blagonadezhnaya, Idea"]
[Result "1-0"]
[WhiteElo "2330"]
[BlackElo "2026"]
[PlyCount "141"]
[EventDate "2002.11.??"]

1. c4 g6 2. Nc3 Bg7 3. d3 Nf6 4. e4 e5 5. g3 O-O 6. Bg2 d6 7. Nge2 Be6 8. O-O
Qd7 9. f3 c5 10. Nd5 Nc6 11. Bg5 Bxd5 12. exd5 Nd4 13. Nc3 Ne8 14. Bd2 Nc7 15.
a4 a5 16. Ne4 Qe7 17. Nf2 Bf6 18. Re1 Qd8 19. Rb1 Re8 20. Ne4 Bg7 21. g4 f5 22.
Bg5 Qd7 23. gxf5 gxf5 24. Nf2 Qf7 25. Be3 f4 26. Bxd4 exd4 27. Ne4 Be5 28. Kh1
Kh8 29. Qb3 Na6 30. Bh3 Nb4 31. Be6 Qh5 32. Qd1 b6 33. Rg1 Ra7 34. Rg5 Qh6 35.
Qe2 Rg7 36. Rxg7 Qxg7 37. Rg1 Qe7 38. Ng5 Rf8 39. Qg2 Bg7 40. Qe2 Bf6 41. Ne4
Be5 42. Rg5 h6 43. Rg6 Bg7 44. Bg4 Rf6 45. Rxf6 Bxf6 46. Bf5 Be5 47. Nf2 Bf6
48. Be4 Be5 49. Ng4 Qg5 50. Nxe5 Qxe5 51. Qg2 Qg5 52. Qf2 Kg8 53. h4 Qf6 54.
Kh2 Kf8 55. Kh3 Qf7 56. Qg2 Qd7+ 57. Qg4 Qxa4 58. Qxf4+ Ke7 59. Qxh6 Qd1 60.
Qe6+ Kf8 61. Qxd6+ Kg7 62. Qg6+ Kf8 63. d6 Qh1+ 64. Kg4 Qg2+ 65. Kh5 Qxg6+ 66.
Kxg6 a4 67. h5 Na6 68. h6 Kg8 69. d7 Nc7 70. d8=Q+ Ne8 71. Qxe8# 1-0

[Event "12sen.WM-D Naumburg"]
[Site "Naumburg/Saale(20.10.-03.11.)"]
[Date "2002.11.02"]
[Round "11"]
[White "Komicheva, Margarita"]
[Black "Fatalibekova, Elena"]
[Result "1/2-1/2"]
[WhiteElo "2186"]
[BlackElo "2297"]
[PlyCount "20"]
[EventDate "2002.11.??"]

1. d4 d5 2. Nf3 Nf6 3. e3 Bf5 4. Bd3 Bxd3 5. Qxd3 c6 6. O-O e6 7. c4 Be7 8. Nc3
O-O 9. cxd5 exd5 10. b3 Nbd7 1/2-1/2

[Event "12sen.WM-D Naumburg"]
[Site "Naumburg/Saale(20.10.-03.11.)"]
[Date "2002.11.02"]
[Round "11"]
[White "Krawcewicz, Lucyna"]
[Black "Malinicheva, Lidiya"]
[Result "0-1"]
[WhiteElo "2035"]
[BlackElo "2111"]
[PlyCount "108"]
[EventDate "2002.11.??"]

1. d4 e6 2. Nf3 f5 3. Bg5 Be7 4. Bxe7 Qxe7 5. c3 Nf6 6. Nbd2 O-O 7. Qc2 d5 8.
Ne5 c5 9. e3 Ne4 10. Ndf3 Nd7 11. Nxd7 Bxd7 12. g3 cxd4 13. exd4 Rac8 14. Bd3
b5 15. a3 g5 16. Ne5 Be8 17. O-O a6 18. Rae1 g4 19. f4 gxf3 20. Nxf3 Bh5 21.
Nh4 Kh8 22. Ng2 Rf6 23. Bxe4 dxe4 24. Qd2 Qg7 25. Qf4 Rh6 26. Qd6 Rg8 27. Rf4
Bg4 28. Rf2 Bf3 29. Re3 Re8 30. Qf4 Bg4 31. Re1 a5 32. Ne3 Bh3 33. Rd1 Rg6 34.
Rfd2 Kg8 35. Kf2 h5 36. Qe5 h4 37. Qxg7+ Kxg7 38. Rg1 Kf6 39. Rdd1 Bg4 40.
Nxg4+ Rxg4 41. Rde1 Rb8 42. Ke3 Rbg8 43. Kf2 Rh8 44. Rh1 Ke7 45. b3 Kd6 46.
Reg1 Rc8 47. Rc1 Kd5 48. Rhd1 f4 49. Kg2 hxg3 50. h3 f3+ 51. Kg1 Rh4 52. a4
Rxh3 53. axb5 Rch8 54. c4+ Kd6 0-1

[Event "12sen.WM-D Naumburg"]
[Site "Naumburg/Saale(20.10.-03.11.)"]
[Date "2002.11.02"]
[Round "11"]
[White "Litinskaya, Marta_I"]
[Black "Mosionzhik, Bronia"]
[Result "1-0"]
[WhiteElo "2402"]
[BlackElo "2095"]
[PlyCount "83"]
[EventDate "2002.11.??"]

1. Nf3 Nf6 2. c4 e6 3. g3 d5 4. Bg2 c6 5. b3 Nbd7 6. Bb2 Be7 7. O-O O-O 8. Qc2
Re8 9. d4 dxc4 10. bxc4 Qa5 11. e4 Nb6 12. a4 c5 13. d5 exd5 14. Bc3 Qa6 15.
cxd5 Nbd7 16. Re1 Qb6 17. Na3 Rb8 18. Rad1 h6 19. Nc4 Qd8 20. e5 Nh7 21. e6
Ndf8 22. d6 Bxe6 23. dxe7 Qxe7 24. Nd6 Red8 25. Nf5 Bxf5 26. Qxf5 Ne6 27. Bf1
Nhf8 28. Qc2 b6 29. Ne5 Qc7 30. Bg2 Rxd1 31. Rxd1 Rd8 32. Rxd8 Qxd8 33. Nc6 Qd7
34. Qd2 Qe8 35. Qd6 Ng6 36. Qb8 Qxb8 37. Nxb8 Ne7 38. Nc6 Nc8 39. Bf1 a5 40.
Be5 f6 41. Bc4 Kf7 42. Bb8 1-0

[Event "12sen.WM-D Naumburg"]
[Site "Naumburg/Saale(20.10.-03.11.)"]
[Date "2002.11.02"]
[Round "11"]
[White "Luft, Helga"]
[Black "Froeling, Philippa"]
[Result "1-0"]
[WhiteElo "1761"]
[BlackElo "1306"]
[PlyCount "95"]
[EventDate "2002.11.??"]

1. d4 d5 2. Nf3 Nf6 3. Bf4 Nbd7 4. c3 g6 5. h3 Bg7 6. e3 O-O 7. Be2 c5 8. O-O
c4 9. Nbd2 b5 10. Ne5 Bb7 11. Bh2 Nxe5 12. Bxe5 Nd7 13. Bxg7 Kxg7 14. Nf3 Re8
15. a4 a6 16. axb5 axb5 17. Qc2 e5 18. dxe5 Nxe5 19. Nxe5 Rxe5 20. Qd2 Qe8 21.
Qd4 f6 22. Qb6 Qc6 23. Qxc6 Bxc6 24. Rxa8 Bxa8 25. Ra1 Bc6 26. Ra7+ Kh6 27. Rc7
Be8 28. h4 Re6 29. g4 g5 30. h5 Rd6 31. Bd1 Rd7 32. Rc8 Re7 33. Kg2 Kg7 34. Kg3
h6 35. Bc2 Bd7 36. Rc7 Kf8 37. Bg6 Be6 38. Rc6 Bd7 39. Rxf6+ Kg7 40. Rd6 Be6
41. Bf5 Kf6 42. Rb6 Ke5 43. f4+ Kf6 44. Kf3 Kf7 45. Bg6+ Kg7 46. Rxb5 Bd7 47.
Rb6 Re6 48. Rb7 1-0

[Event "12sen.WM-D Naumburg"]
[Site "Naumburg/Saale(20.10.-03.11.)"]
[Date "2002.11.02"]
[Round "11"]
[White "Richter, Hildegard"]
[Black "Dmitrieva, Alla"]
[Result "1-0"]
[WhiteElo "1706"]
[BlackElo "1566"]
[PlyCount "61"]
[EventDate "2002.11.??"]

1. d4 Nf6 2. Nf3 g6 3. c4 e6 4. Bg5 Bg7 5. Nc3 d5 6. e3 h6 7. Bh4 g5 8. Bg3
Nbd7 9. Nb5 Ne4 10. Nxc7+ Ke7 11. Nxa8 Nxg3 12. fxg3 Nf6 13. Qa4 Bd7 14. Qb4+
Ke8 15. Qxb7 Kf8 16. Qc7 Qxa8 17. Ne5 Be8 18. c5 Ne4 19. Bd3 Bxe5 20. Qxe5 Kg8
21. O-O Qb7 22. Bxe4 dxe4 23. b3 Rh7 24. Rad1 Bc6 25. Rf6 Bb5 26. Rd2 Qa6 27.
Rdf2 Qa5 28. Qb8+ Kg7 29. Rxf7+ Kg6 30. R7f6+ Kh5 31. g4+ 1-0

[Event "12sen.WM-D Naumburg"]
[Site "Naumburg/Saale(20.10.-03.11.)"]
[Date "2002.11.02"]
[Round "11"]
[White "Shoushpanova, Nina"]
[Black "Abdikasova, Panno"]
[Result "1/2-1/2"]
[WhiteElo "2058"]
[BlackElo "1976"]
[PlyCount "95"]
[EventDate "2002.11.??"]

1. e4 c5 2. Nf3 e6 3. Nc3 Nc6 4. d4 cxd4 5. Nxd4 Bb4 6. Nxc6 bxc6 7. Qd4 c5 8.
Qxg7 Qf6 9. Qxf6 Nxf6 10. Bd2 Bb7 11. f3 Rg8 12. a3 Bxc3 13. Bxc3 Ke7 14. O-O-O
Bc6 15. g3 a5 16. Bc4 h5 17. Rhe1 a4 18. Be5 Ne8 19. Bf4 d6 20. Rd2 Rg6 21.
Red1 e5 22. Be3 Ra5 23. Bf2 Rf6 24. Be2 Rg6 25. Be3 Ng7 26. f4 Bxe4 27. fxe5 d5
28. Bd3 Bxd3 29. Rxd3 d4 30. Bf2 Nf5 31. c3 dxc3 32. Rxc3 Rc6 33. Rd5 Ke6 34.
Rdxc5 Rcxc5 35. Rxc5 Rxc5+ 36. Bxc5 Kxe5 37. Kd2 Kd5 38. Bf2 Kc4 39. Kc2 Nd6
40. Be1 Ne4 41. Bc3 f5 42. Be5 Nf2 43. h4 Nd3 44. Bd6 Nf2 45. Bc7 Ne4 46. Bb8
Nf2 47. Bc7 Ne4 48. Bb8 1/2-1/2

[Event "12sen.WM-D Naumburg"]
[Site "Naumburg/Saale(20.10.-03.11.)"]
[Date "2002.11.02"]
[Round "11"]
[White "Strelnikova, Elena"]
[Black "Erenska_Barlo, Hanna"]
[Result "0-1"]
[WhiteElo "2175"]
[BlackElo "2183"]
[PlyCount "52"]
[EventDate "2002.11.??"]

1. e4 d5 2. exd5 Nf6 3. Bb5+ Bd7 4. Bxd7+ Qxd7 5. Nc3 Nxd5 6. Nxd5 Qxd5 7. Nf3
Nc6 8. O-O e5 9. d3 O-O-O 10. Qe2 f6 11. a3 g5 12. b4 h5 13. Bb2 Bg7 14. Rfd1
g4 15. Nh4 Ne7 16. d4 e4 17. c4 Qf7 18. d5 f5 19. Bxg7 Qxg7 20. g3 Qf6 21. Qe3
Kb8 22. Ra2 Nc6 23. c5 Rhf8 24. Ng2 Ne5 25. Nf4 h4 26. Ne6 Qxe6 0-1

[Event "12sen.WM-D Naumburg"]
[Site "Naumburg/Saale(20.10.-03.11.)"]
[Date "2002.11.02"]
[Round "11"]
[White "Zakhvatova, Roufina"]
[Black "Lein, Marina"]
[Result "0-1"]
[WhiteElo "1558"]
[BlackElo "1979"]
[PlyCount "68"]
[EventDate "2002.11.??"]

1. d4 Nf6 2. Bg5 c6 3. Bxf6 gxf6 4. c4 e5 5. e3 d6 6. Bd3 h5 7. Ne2 h4 8. Nbc3
f5 9. f4 f6 10. Qd2 e4 11. Bc2 Na6 12. a3 Nc7 13. Ba4 Bd7 14. O-O-O b5 15. cxb5
Nxb5 16. Nxb5 cxb5 17. Bb3 a5 18. Kb1 Rb8 19. Rc1 b4 20. a4 Rh7 21. d5 Kf7 22.
Nd4 Kg6 23. Rhg1 Qe8 24. Rc2 Bxa4 25. g4 fxg4 26. Rxg4+ Kf7 27. Rc7+ Be7 28.
Nf5 Kf8 29. Bxa4 Qxa4 30. Qc1 Rd8 31. Rc8 b3 32. Rxd8+ Bxd8 33. Qc3 Qa2+ 34.
Kc1 Rc7 0-1